| 000 -LEADER |
| fixed length control field |
00504pab a2200205 454500 |
| 008 - FIXED-LENGTH DATA ELEMENTS--GENERAL INFORMATION |
| fixed length control field |
180718b2017 xxu||||| |||| 00| 0 eng d |
| 100 ## - MAIN ENTRY--PERSONAL NAME |
| Personal name |
Agarwalla, Sobhesh Kumar |
| 245 ## - TITLE STATEMENT |
| Title |
Size, value and momentum in Indian equities |
| 260 ## - PUBLICATION, DISTRIBUTION, ETC. |
| Date of publication, distribution, etc. |
2017 |
| 300 ## - PHYSICAL DESCRIPTION |
| Extent |
p.211-219. |
| 362 ## - DATES OF PUBLICATION AND/OR SEQUENTIAL DESIGNATION |
| Dates of publication and/or sequential designation |
Oct-Dec |
| 650 ## - SUBJECT ADDED ENTRY--TOPICAL TERM |
| Topical term or geographic name entry element |
Equities |
| 650 ## - SUBJECT ADDED ENTRY--TOPICAL TERM |
| Topical term or geographic name entry element |
Investment |
| 650 ## - SUBJECT ADDED ENTRY--TOPICAL TERM |
| Topical term or geographic name entry element |
Stock market |
| 650 ## - SUBJECT ADDED ENTRY--TOPICAL TERM |
| Topical term or geographic name entry element |
Capital market |
| 700 ## - ADDED ENTRY--PERSONAL NAME |
| Personal name |
Varma, Jayanth R. |
| 700 ## - ADDED ENTRY--PERSONAL NAME |
| Personal name |
Jacob, Joshy |
| 773 ## - HOST ITEM ENTRY |
| Main entry heading |
Vikalpa |
| 909 ## - |
| -- |
116659 |